[Event "ch-TUR 2013"]
[Site "Antalya TUR"]
[Date "2013.02.05"]
[Round "6.2"]
[White "Ipatov, Alexander"]
[Black "Esen, B."]
[Result "1/2-1/2"]
[WhiteElo "2569"]
[BlackElo "2565"]
[PlyCount "121"]
[EventDate "2013.02.02"]
[SourceDate "1999.07.01"]

1. d4 Nf6 2. c4 c5 3. d5 e6 4. Nc3 exd5 5. cxd5 d6 6. e4 g6 7. Bd3 Bg7 8. h3
O-O 9. Nf3 a6 10. a4 Nbd7 11. O-O Nh5 12. Bg5 Bf6 13. Be3 Re8 14. Nd2 Bg7 15.
Ra3 Rb8 16. a5 b5 17. axb6 Nxb6 18. Bxa6 Ra8 19. Qa1 f5 20. Bxc8 Qxc8 21. Rxa8
Qxa8 22. Qxa8 Rxa8 23. g4 Nf6 24. f3 fxe4 25. fxe4 Ne8 26. Kf2 Kf7 27. Ke2+ Ke7
28. Bg5+ Bf6 29. Rxf6 Nxf6 30. e5 dxe5 31. Nde4 Rf8 32. Nxf6 Rxf6 33. d6+ Ke6
34. Bxf6 Kxf6 35. Ne4+ Ke6 36. Nxc5+ Kxd6 37. Ne4+ Kd5 38. Kd3 h6 39. b4 Nd7
40. Nc3+ Kc6 41. Ke4 Kd6 42. Nd5 Ke6 43. Ne3 Kd6 44. Kd3 Kc6 45. Ke4 Kd6 46.
Nc4+ Ke6 47. b5 Nc5+ 48. Ke3 Kd5 49. Nb6+ Kd6 50. h4 Ke6 51. Nc4 Kd5 52. Nd2
Nd7 53. Ne4 Kc4 54. Nd6+ Kc5 55. Nf7 Kxb5 56. Nxh6 Kc5 57. Ke4 Kd6 58. Nf7+ Ke6
59. Ng5+ Kd6 60. Nf7+ Ke6 61. Ng5+ 1/2-1/2

[Event "World Cities Team GpB"]
[Site "Al-Ain UAE"]
[Date "2012.12.24"]
[Round "3.1"]
[White "Lysyj, I."]
[Black "Dzhumaev, M."]
[Result "1-0"]
[WhiteElo "2617"]
[BlackElo "2530"]
[PlyCount "49"]
[EventDate "2012.12.22"]
[SourceDate "1999.07.01"]
[WhiteTeam "Saratov"]
[BlackTeam "Tashkent"]

1. d4 Nf6 2. c4 e6 3. Nc3 c5 4. d5 exd5 5. cxd5 d6 6. Nf3 g6 7. Bf4 Bg7 8. Qa4+
Bd7 9. Qb3 Qc7 10. e4 O-O 11. Nd2 Nh5 12. Be3 f5 13. exf5 gxf5 14. Be2 Na6 15.
Bxh5 f4 16. O-O fxe3 17. fxe3 Nb4 18. Nce4 a5 19. Ng5 Bh6 20. Nde4 c4 21. Qc3
Nxd5 22. Bf7+ Rxf7 23. Rxf7 Qd8 24. Qd4 Bc6 25. Rxh7 1-0

[Event "5th Kolkata Open"]
[Site "Kolkata IND"]
[Date "2012.12.07"]
[Round "5.1"]
[White "Vidit, S."]
[Black "Dzhumaev, M."]
[Result "1-0"]
[WhiteElo "2527"]
[BlackElo "2530"]
[PlyCount "85"]
[EventDate "2012.12.03"]
[SourceDate "1999.07.01"]

1. d4 c5 2. d5 Nf6 3. c4 e6 4. Nc3 exd5 5. cxd5 d6 6. Nf3 g6 7. Nd2 Nbd7 8. e4
Bg7 9. Be2 O-O 10. O-O Qe7 11. a4 Ne8 12. Re1 Nc7 13. Nc4 Nb6 14. Bf4 Nxc4 15.
Bxc4 Bd4 16. Qd2 Bd7 17. Be3 Bxe3 18. Rxe3 Qe5 19. Rd3 Rfe8 20. f4 Qg7 21. Re1
a6 22. a5 Nb5 23. Na4 f5 24. e5 dxe5 25. fxe5 Rxe5 26. Rxe5 Qxe5 27. Nxc5 Qd6
28. Nxd7 Qxd7 29. d6+ Kf8 30. Qg5 Kg7 31. Qe7+ Qxe7 32. dxe7 Re8 33. Bxb5 axb5
34. Rd7 Kf7 35. Rxb7 Ra8 36. b4 h5 37. h4 Ra6 38. Rxb5 Kxe7 39. Rb6 Rxb6 40.
axb6 Kd7 41. Kf2 Kc6 42. Ke3 Kxb6 43. Kf4 1-0

[Event "Russia Cup Final 2012"]
[Site "Khanty-Mansiisk RUS"]
[Date "2012.12.05"]
[Round "1.4"]
[White "Khismatullin, D."]
[Black "Savchenko, B."]
[Result "1-0"]
[WhiteElo "2647"]
[BlackElo "2571"]
[PlyCount "99"]
[EventDate "2012.12.04"]
[SourceDate "1999.07.01"]

1. d4 Nf6 2. c4 e6 3. Nc3 c5 4. d5 exd5 5. cxd5 d6 6. Nf3 g6 7. Bf4 a6 8. a4
Bg7 9. e3 O-O 10. h3 Re8 11. Be2 Ne4 12. Nxe4 Rxe4 13. Nd2 Rb4 14. Nc4 Bxb2 15.
Nxb2 Rxb2 16. O-O Qf6 17. Rb1 Rxb1 18. Qxb1 Nd7 19. Bg4 b6 20. Bxd7 Bxd7 21.
Qxb6 Bxa4 22. Qb7 Rd8 23. Qxa6 Bb3 24. Qb6 c4 25. Be5 Qe7 26. Bc3 f6 27. Ra1
Rd7 28. Ra8+ Kg7 29. Qd4 h5 30. Qf4 Bc2 31. Bxf6+ Qxf6 32. Rg8+ Kxg8 33. Qxf6
Kh7 34. Kh2 Be4 35. Qd4 Bd3 36. Kg3 Rc7 37. Qb6 Rf7 38. Qd4 g5 39. f3 h4+ 40.
Kf2 Kg6 41. e4 Rb7 42. Qh8 Re7 43. Ke3 Bf1 44. Kf2 Bd3 45. Qd8 Kf7 46. Qxd6 c3
47. Ke3 Bf1 48. Qc6 Bxg2 49. d6 Re8 50. Qc7+ 1-0

[Event "TCh-AUT 2012-13"]
[Site "Hohenems AUT"]
[Date "2012.11.04"]
[Round "3.1"]
[White "Bosiocic, Mari"]
[Black "Rapport, R."]
[Result "0-1"]
[WhiteElo "2571"]
[BlackElo "2621"]
[PlyCount "70"]
[EventDate "2012.11.02"]
[EventType "team"]
[SourceDate "1999.07.01"]
[WhiteTeam "ASVO Signum Siebdruck St.Veit"]
[BlackTeam "SK Sparkasse Fuerstenfeld"]

1. d4 Nf6 2. c4 c5 3. d5 e6 4. Nc3 exd5 5. cxd5 d6 6. Nf3 g6 7. Bf4 Bg7 8. h3
O-O 9. e3 Qe7 10. Be2 Nbd7 11. Bh2 h6 12. O-O Ne8 13. a4 f5 14. a5 Nc7 15. Ra3
g5 16. Nd2 Ne5 17. Kh1 g4 18. Rb3 Na6 19. Na2 h5 20. f4 Nf7 21. Nc4 Rb8 22.
hxg4 hxg4 23. Bg3 Bd7 24. Qb1 Nc7 25. Qd3 Bf6 26. Be1 Kg7 27. Kg1 Rh8 28. Nc3
Rh6 29. Nd1 Rbh8 30. Nf2 Nb5 31. Bd1 Kg8 32. Na3 a6 33. Nc4 Bh4 34. Nb6 Bg3 35.
e4 Rh1+ 0-1

[Event "US Chess League 2012"]
[Site "ICC INT"]
[Date "2012.10.24"]
[Round "8"]
[White "Bhat, V."]
[Black "Chirila, I."]
[Result "1-0"]
[WhiteElo "2511"]
[BlackElo "2502"]
[PlyCount "69"]
[EventDate "2012.09.04"]
[SourceDate "1999.07.01"]
[WhiteTeam "San Francisco"]
[BlackTeam "Dallas"]

1. d4 Nf6 2. c4 c5 3. d5 e6 4. Nc3 exd5 5. cxd5 d6 6. Nf3 g6 7. Bf4 a6 8. a4
Bg7 9. h3 O-O 10. e3 Ne8 11. Be2 Nd7 12. O-O Rb8 13. Ra3 Qe7 14. Rb3 Nc7 15.
Re1 Ne5 16. Nd2 Bd7 17. Bg3 f5 18. a5 Kh8 19. Bf1 Rfe8 20. e4 Nf7 21. Nf3 Qf8
22. exf5 gxf5 23. Rxe8 Qxe8 24. Qd2 Nb5 25. Ne2 Qf8 26. Nf4 Ne5 27. Bxb5 axb5
28. Ne6 Qf6 29. Nxc5 Nxf3+ 30. Rxf3 dxc5 31. Bxb8 Qxb2 32. Qe3 Qa1+ 33. Kh2 Qd4
34. Qe7 Qxd5 35. Rg3 1-0

[Event "Baku Open 2012"]
[Site "Baku AZE"]
[Date "2012.09.23"]
[Round "2.2"]
[White "Landa, K."]
[Black "Yilmaz, M."]
[Result "1/2-1/2"]
[WhiteElo "2641"]
[BlackElo "2537"]
[PlyCount "62"]
[EventDate "2012.09.22"]
[SourceDate "1999.07.01"]

1. d4 Nf6 2. c4 c5 3. d5 e6 4. Nc3 exd5 5. cxd5 d6 6. e4 g6 7. h3 Bg7 8. Nf3 a6
9. a4 Nbd7 10. Bd3 Nh5 11. Bg5 Bf6 12. Bh6 Ne5 13. g4 Nxf3+ 14. Qxf3 Ng7 15.
Qg3 O-O 16. Bf4 Ne8 17. O-O Rb8 18. Rfe1 g5 19. Bd2 Be5 20. f4 gxf4 21. Bxf4 f6
22. Re2 Bd7 23. Rf1 Qe7 24. a5 b5 25. axb6 Rxb6 26. Bc4 Ng7 27. Bxe5 Qxe5 28.
Qxe5 fxe5 29. b3 Ne8 30. Rxf8+ Kxf8 31. Rf2+ Kg7 1/2-1/2

[Event "40th Olympiad Open"]
[Site "Istanbul TUR"]
[Date "2012.09.07"]
[Round "10.10"]
[White "Postny, E."]
[Black "Pantsulaia, L."]
[Result "1-0"]
[WhiteElo "2638"]
[BlackElo "2575"]
[PlyCount "97"]
[EventDate "2012.08.28"]
[SourceDate "1999.07.01"]
[WhiteTeam "Israel"]
[BlackTeam "Georgia"]
[WhiteTeamCountry "MAR"]
[BlackTeamCountry "JOR"]

1. d4 Nf6 2. c4 c5 3. d5 e6 4. Nc3 exd5 5. cxd5 d6 6. Nf3 g6 7. Bf4 a6 8. a4
Bg7 9. h3 O-O 10. e3 Qe7 11. Be2 Nbd7 12. O-O Ne8 13. Nd2 Ne5 14. a5 g5 15.
Bxe5 Bxe5 16. Bd3 Ng7 17. Nc4 h5 18. f4 gxf4 19. exf4 Bd4+ 20. Kh2 Re8 21. Ne4
Rd8 22. Ng5 Bd7 23. Qf3 Bb5 24. Rae1 Qf6 25. b3 Rab8 26. Bh7+ Kf8 27. Bc2 Qh6
28. g3 Bxc4 29. bxc4 b5 30. axb6 Rxb6 31. Rb1 Rdb8 32. Rxb6 Rxb6 33. Re1 Kg8
34. h4 Qf6 35. Qe4 Qg6 36. Qxg6 fxg6 37. Bxg6 a5 38. Re7 Ra6 39. Rd7 Ra8 40.
Bc2 a4 41. Bxa4 Nf5 42. Bd1 Ra2+ 43. Kh3 Ra3 44. Bxh5 Rxg3+ 45. Kh2 Bg1+ 46.
Kh1 Bd4 47. Bf7+ Kg7 48. Be6+ Kg6 49. h5+ 1-0

[Event "2nd Metropolitan International"]
[Site "Los Angeles USA"]
[Date "2012.08.16"]
[Round "5"]
[White "Shabalov, A."]
[Black "Sevillano, E."]
[Result "1/2-1/2"]
[WhiteElo "2553"]
[BlackElo "2526"]
[PlyCount "81"]
[EventDate "2012.08.14"]
[EventType "swiss"]
[SourceDate "1999.07.01"]

1. d4 Nf6 2. c4 c5 3. d5 e6 4. Nc3 exd5 5. cxd5 d6 6. Nf3 g6 7. Nd2 Bg7 8. Nc4
O-O 9. Bg5 Qe7 10. e3 h6 11. Bh4 b6 12. Be2 Ba6 13. a4 Nbd7 14. O-O Rfd8 15.
Re1 Nf8 16. Qc2 Bxc4 17. Bxc4 g5 18. Bg3 Nh5 19. Ne2 a6 20. Rab1 Qe8 21. Qb3
Nxg3 22. Nxg3 Rdb8 23. Bd3 b5 24. axb5 axb5 25. Bc2 Qe5 26. Nf5 Ng6 27. h3 c4
28. Qb4 Qxd5 29. Nxg7 Kxg7 30. Bxg6 fxg6 31. Rbd1 Qc5 32. Qc3+ Qe5 33. Rd4 Kh7
34. Red1 Rb6 35. Qc2 Ra7 36. b3 cxb3 37. Qxb3 Rab7 38. Rd5 Qf6 39. Qb4 Qe7 40.
e4 Rc7 41. Qd4 1/2-1/2

[Event "21st Metro GM"]
[Site "Los Angeles USA"]
[Date "2012.08.05"]
[Round "4"]
[White "Hess, Ro"]
[Black "Sevillano, E."]
[Result "1-0"]
[WhiteElo "2624"]
[BlackElo "2526"]
[PlyCount "115"]
[EventDate "2012.08.03"]
[EventType "tourn"]
[SourceDate "1999.07.01"]

1. d4 Nf6 2. c4 c5 3. d5 e6 4. Nc3 exd5 5. cxd5 d6 6. Nf3 g6 7. Bf4 Bg7 8. Qa4+
Bd7 9. Qb3 Qc7 10. e4 O-O 11. Be2 b5 12. Nxb5 Bxb5 13. Bxb5 Nxe4 14. O-O a6 15.
Bd3 Nf6 16. Nd2 Nh5 17. Be3 Nd7 18. Nc4 Rfb8 19. Qc2 Nb6 20. Nxb6 Rxb6 21. Rab1
Qb7 22. b3 Nf6 23. Rbd1 Re8 24. Bc4 Ng4 25. Bd2 Ne5 26. Rfe1 Qa8 27. Bf1 Rb7
28. Re4 Rbe7 29. Bc3 Nc6 30. Rxe7 Nxe7 31. Bxg7 Kxg7 32. Qc3+ f6 33. Qa5 Nxd5
34. Qd2 Ne7 35. Qxd6 Qc6 36. Qxc6 Nxc6 37. Bxa6 Nb4 38. Bb5 Rb8 39. a4 Nc2 40.
Rc1 Nd4 41. Bc4 Rb4 42. Rc3 Nc6 43. f3 f5 44. Bd5 Ne7 45. Bc4 Nc6 46. Kf2 Kf6
47. Ke3 g5 48. Kd2 h6 49. Kc2 Rb8 50. Kb2 Ke5 51. Re3+ Kf4 52. Re1 Rd8 53. Re6
Nb4 54. Be2 g4 55. g3+ Kg5 56. h4+ Kh5 57. fxg4+ fxg4 58. Bb5 1-0

[Event "Turkish Bank Chess League 2012"]
[Site "Konya TUR"]
[Date "2012.07.13"]
[Round "3"]
[White "Nyzhnyk, I."]
[Black "Rasulov, Vu"]
[Result "1-0"]
[WhiteElo "2599"]
[BlackElo "2515"]
[PlyCount "99"]
[EventDate "2012.07.11"]
[SourceDate "1999.07.01"]
[WhiteTeam "Ankara Gazi"]
[BlackTeam "Antalya Calli"]

1. d4 Nf6 2. c4 c5 3. d5 e6 4. Nc3 exd5 5. cxd5 d6 6. Nf3 g6 7. Bf4 a6 8. a4
Bg7 9. h3 O-O 10. e3 Qe7 11. Be2 Nbd7 12. O-O Ne8 13. Nd2 f5 14. a5 Rb8 15. Nc4
Ne5 16. Nb6 Nd7 17. Nc4 Ne5 18. Nxe5 Bxe5 19. Na4 Bd7 20. Bxe5 Qxe5 21. Nb6 Nf6
22. b4 cxb4 23. Qd2 b3 24. Rab1 Ne4 25. Qb2 Qe7 26. Rfc1 Be8 27. Qd4 Nc5 28.
Bc4 Bf7 29. Bxb3 Rfe8 30. Ba4 Rf8 31. Bd1 Rfc8 32. Nc4 g5 33. Bc2 Ne4 34. Bxe4
fxe4 35. Nb6 Rxc1+ 36. Rxc1 Re8 37. Rc4 h6 38. Qc3 Qe5 39. Qxe5 Rxe5 40. Rc8+
Kg7 41. Rc7 Kg6 42. Rxb7 Bxd5 43. Ra7 Be6 44. Rxa6 Kf6 45. Na4 Bb3 46. Nc3 Ke6
47. Ra8 Kd7 48. a6 Ra5 49. a7 Kc7 50. Rb8 1-0

[Event "32nd Benasque Open"]
[Site "Benasque ESP"]
[Date "2012.07.12"]
[Round "8.2"]
[White "Harikrishna, P."]
[Black "Chirila, I."]
[Result "1-0"]
[WhiteElo "2684"]
[BlackElo "2504"]
[PlyCount "129"]
[EventDate "2012.07.05"]
[SourceDate "1999.07.01"]

1. d4 Nf6 2. c4 c5 3. d5 e6 4. Nc3 exd5 5. cxd5 d6 6. e4 g6 7. f3 Bg7 8. Nge2
O-O 9. Ng3 a6 10. a4 Nbd7 11. Be2 h5 12. O-O Nh7 13. Be3 Ne5 14. Qd2 Re8 15.
Rab1 Qa5 16. f4 Ng4 17. Bxg4 Bxg4 18. f5 h4 19. Rf4 hxg3 20. fxg6 gxh2+ 21. Kh1
Bh5 22. gxh7+ Kh8 23. Rbf1 b5 24. axb5 axb5 25. Rh4 Bg6 26. Bg5 Re5 27. Bh6
Bxh6 28. Qxh6 Qd8 29. Nxb5 Qe7 30. Nc3 Rg5 31. Nd1 Rg3 32. Qf4 Qg5 33. Qf6+
Qxf6 34. Rxf6 Rd8 35. Nc3 Rd3 36. Nb5 Rd2 37. Nxd6 Kg7 38. Nxf7 Bxf7 39. Rxf7+
Kxf7 40. h8=Q Rxh8 41. Rxh8 Rxb2 42. e5 c4 43. e6+ Ke7 44. Rh7+ Kd6 45. Rd7+
Kc5 46. Kxh2 c3 47. Kg3 Re2 48. Kf3 Re5 49. e7 c2 50. Rc7+ Kd6 51. Rxc2 Rxe7
52. g4 Kxd5 53. Kf4 Re1 54. Kf5 Kd6 55. Rf2 Ke7 56. Kg6 Re6+ 57. Kg7 Re5 58.
Rf5 Re1 59. g5 Re2 60. g6 Re1 61. Kg8 Rg1 62. g7 Rg2 63. Rf7+ Ke8 64. Rf3 Re2
65. Rh3 1-0

[Event "5th Int ch-Central Serbia 2012"]
[Site "Paracin SRB"]
[Date "2012.07.10"]
[Round "6.1"]
[White "Atalik, S."]
[Black "Cvitan, O."]
[Result "1-0"]
[WhiteElo "2599"]
[BlackElo "2538"]
[PlyCount "95"]
[EventDate "2012.07.06"]
[SourceDate "1999.07.01"]

1. d4 Nf6 2. c4 e6 3. Nc3 c5 4. d5 exd5 5. cxd5 d6 6. e4 g6 7. Nge2 Bg7 8. Ng3
O-O 9. Be2 Re8 10. O-O a6 11. a4 Nbd7 12. Be3 h5 13. f3 h4 14. Nh1 Nh7 15. Nf2
g5 16. Qd2 Ne5 17. a5 Rb8 18. Na4 f5 19. exf5 Bxf5 20. Ra3 Rc8 21. Nc3 Rc7 22.
Nce4 Bxe4 23. fxe4 Rf8 24. Raa1 Rcf7 25. Rac1 Qe7 26. h3 Rf6 27. b4 cxb4 28.
Qxb4 Qf7 29. Qb1 Qg6 30. Ng4 Rxf1+ 31. Rxf1 Rxf1+ 32. Kxf1 Nxg4 33. Bxg4 Qf6+
34. Bf5 Qc3 35. Ke2 Nf8 36. Bxg5 Bd4 37. Bd2 Qg3 38. Qf1 Qb3 39. Qf3 Qb2 40.
Qg4+ Kf7 41. Qh5+ Kg7 42. Qh6+ Kg8 43. Qg5+ Kf7 44. Be6+ Nxe6 45. Qf5+ Kg7 46.
dxe6 Be5 47. Qf7+ Kh8 48. Qe8+ 1-0